000 00542nam a2200169Ia 4500
003 OSt
005 20201014131159.0
008 190216s9999||||xx |||||||||||||| ||und||
020 _a8125907777
040 _coclc
082 _a658.404
_bPAT/P
100 _aPatel, Bhavesh M
_91547
245 0 _aProject management : strategic financial planning, evaluation and control /
_cBhavesh M Patel
260 _bVikas Publishing House,
_c2000.
_aNew Delhi:
300 _a666p
942 _cBK
_2ddc
_h658.404
_iPAT/P
_k658.404
_mPAT/P
999 _c6057
_d6057